000 00491nam a2200193Ia 4500
005 20260429112055.0
008 260429s9999||||xx |||||||||||||| ||und||
020 _a9781032889252
041 _aEnglish
082 _a658.15
_bJOS
100 _aJoshipura, Mayank
245 0 _aCases in corporate finance /
_cMayank Joshipura
250 _a1st ed.
260 _aLondon :
_bRoutledge,
_c2024.
300 _axxiii, 420 p.; pbk
650 _a Corporate
650 _aFinance
942 _cTB
999 _c52214
_d52214